| 000 | 00865nam0a2200277 i 4500 | ||
|---|---|---|---|
| 001 | RU\NLR\BIBL_A\011315381 | ||
| 005 | 20240726232421.0 | ||
| 010 | _a9785904048723 | ||
| 021 |
_aRU _b2016-96645 _96410 |
||
| 035 | _a(NLR Aleph) 011315381 | ||
| 090 |
_a11045357 _c11045357 |
||
| 100 | _a20170125d2016 u y0rusy50 ca | ||
| 101 | 0 | _arus | |
| 102 | _aRU | ||
| 105 | _ay z 000gy | ||
| 200 | 1 |
_aТропинка к храму _e[стихи духовного содержания] _fГеоргий Чаплыгин |
|
| 210 |
_aСызрань _cВаш Взгляд _d2016 |
||
| 215 |
_a38, [1] c. _d21 |
||
| 333 | _a0+ | ||
| 686 | 2 | _aШ6(2=Р)8-5 | |
| 700 | 1 |
_aЧаплыгин _bГ. М. _f1933- _gГеоргий Михайлович |
|
| 942 | _cBOOK | ||
| 980 | _aNBR | ||